Der Text des Alten Testaments : eine Einführung in die Biblia Hebraica / Ernst Würthwein
Record details
- ISBN: 3-438-06006-X
- Physical Description: 229 s. : il.
- Edition: Vierte, erweiterte Aufl.
- Publisher: Stuttgart : Württembergische Bibelanstalt, 1973
Search for related items by subject
| Subject: | Bible. Starý zákon biblická teologie biblistika |
Available copies
- 1 of 1 copy available at Common Catalog SPOK.
Holds
- 0 current holds with 1 total copy.
Other Formats and Editions
Show All Copies
| Location | Call Number / Copy Notes | Barcode | Shelving Location | Status | Due Date |
|---|---|---|---|---|---|
| ETS Library | 221.4 | 424470015961 | Volný výběr | Available | - |
| LDR | 01275cam a22003377a 4500 | ||
|---|---|---|---|
| 001 | 35465 | ||
| 003 | CZ-PrJAB | ||
| 005 | 20180202212859.0 | ||
| 007 | ta | ||
| 008 | 990715s1973 gw 000 0 ger d | ||
| 020 | . | ‡a3-438-06006-X | |
| 035 | . | ‡a(CONS)13250 | |
| 035 | . | ‡a(CZ PrCU)000936176 | |
| 040 | . | ‡aGBV ‡bcze ‡dABD156 | |
| 072 | 7. | ‡a2-23/-27 ‡xBible. Biblistika ‡2Konspekt ‡95 | |
| 082 | . | ‡a221.4 | |
| 100 | 1 | . | ‡aWürthwein, Ernst ‡4aut |
| 245 | 1 | 4. | ‡aDer Text des Alten Testaments : ‡beine Einführung in die Biblia Hebraica / ‡cErnst Würthwein |
| 250 | . | ‡aVierte, erweiterte Aufl. | |
| 260 | . | ‡aStuttgart : ‡bWürttembergische Bibelanstalt, ‡c1973 | |
| 300 | . | ‡a229 s. : ‡bil. | |
| 630 | 0 | 7. | ‡aBible. ‡pStarý zákon ‡7unn2006374712 ‡2czenas |
| 650 | 0 | 7. | ‡abiblická teologie ‡7ph118851 ‡2czenas |
| 650 | 0 | 7. | ‡abiblistika ‡7ph118873 ‡2czenas |
| 852 | 4 | . | ‡bETS ‡bETS ‡cVolný výběr ‡j221.4 ‡p424470015961 ‡y$50.00 |
| 910 | . | ‡aABG450 | |
| 993 | 1. | ‡1HTF ‡2002 ‡3T3g71 ‡62470/13 ‡54349100456345 ‡f01 ‡mBOOK ‡w000936179 ‡x000030 | |
| 993 | 1. | ‡1HTF ‡2006 ‡31029/92 ‡61029/92 ‡54349100167920 ‡7Pro tuto jednotku je třeba zadat Požadavek na výpůjčku ‡f24 ‡mBOOK ‡w000936179 ‡x000020 | |
| 993 | 1. | ‡1HTF ‡2006 ‡3143/87 ‡6143/87 ‡54349100034147 ‡f01 ‡mBOOK ‡w000936179 ‡x000010 | |
| 997 | . | ‡aBK | |
| 999 | . | ‡a13250 ‡c13250 ‡tbiblio | |
| 905 | . | ‡uadmin | |
| 901 | . | ‡a35465 ‡b ‡c35465 ‡tbiblio ‡sets | |